[Event "Mercredi 2016.08.31 ABCD"]
[Site "Montreal CAN"]
[Date "2016.09.07"]
[Round "2"]
[White "O'Connor, Michael"]
[Black "Robidoux, Julien"]
[Result "1/2-1/2"]
[WhiteElo "1715"]
[BlackElo "1771"]
[PlyCount "143"]
[EventDate "2016.08.31"]
[EventType "tourn"]
[EventRounds "5"]
[EventCountry "CAN"]

1. d4 f5 2. e4 fxe4 3. Nc3 Nf6 4. Bg5 g6 5. Bc4 Bg7 6. f3 e3 7. Nge2 c6 8. Bxe3
d5 9. Bb3 b5 10. Qd2 a5 11. a3 a4 12. Ba2 Na6 13. Nd1 Be6 14. Nf2 Qb6 15. Nf4
Bf7 16. N4d3 O-O 17. Nb4 Nxb4 18. Qxb4 e5 19. O-O Nd7 20. Rad1 exd4 21. Bxd4 c5
22. Bxc5 Qxc5 23. Qxc5 Nxc5 24. Bxd5 Bxd5 25. Rxd5 Rac8 26. c3 Rfd8 27. Rfd1
Rxd5 28. Rxd5 Bh6 29. Rd1 Kf7 30. Ng4 Bg7 31. Ne3 Ke6 32. Kf1 Rc6 33. Nd5 Be5
34. f4 Bb8 35. Nb4 Rd6 36. Re1+ Kd7 37. g3 Rd2 38. Re2 Rxe2 39. Kxe2 Kd6 40.
Nc2 Nd7 41. Nd4 Kc5 42. Kd3 Kb6 43. Kc2 Bd6 44. Nf3 Nf6 45. Kd3 Kc6 46. Nd4+
Kb6 47. Nf3 Bc5 48. c4 b4 49. axb4 Bxb4 50. Ng5 a3 51. bxa3 Bxa3 52. h3 Bc5 53.
g4 Ba3 54. f5 Kc6 55. Nxh7 Nxh7 56. fxg6 Nf6 57. g5 Nh5 58. Ke4 Kd6 59. Kf5
Ng7+ 60. Ke4 Bc1 61. h4 Bb2 62. Kf4 Be5+ 63. Kg4 Ke6 64. h5 Nxh5 65. Kxh5 Bg7
66. Kg4 Bd4 67. Kf4 Bc5 68. Ke4 Bf8 69. Kf4 Bc5 70. Kg4 Bd4 71. Kh5 Bg7 72. Kg4
1/2-1/2

[Event "Mercredi 2016.08.31 ABCD"]
[Site "Montreal CAN"]
[Date "2016.09.07"]
[Round "2"]
[White "Soudre, Nicolas"]
[Black "Lopez Linares, Lizandro"]
[Result "1/2-1/2"]
[WhiteElo "2150"]
[BlackElo "2240"]
[PlyCount "137"]
[EventDate "2016.08.31"]
[EventType "tourn"]
[EventRounds "5"]
[EventCountry "CAN"]

1. e4 d5 2. Nc3 dxe4 3. Nxe4 Nf6 4. Nxf6+ exf6 5. d4 Bd6 6. Nf3 Bg4 7. Be2 O-O
8. Be3 Re8 9. O-O c6 10. h3 Bh5 11. Nh4 Bg6 12. Nxg6 hxg6 13. Bc4 Nd7 14. Bb3
Qc7 15. Qf3 f5 16. c4 b6 17. Rad1 Nf6 18. Ba4 Re4 19. Bc2 Ree8 20. Ba4 Re4 21.
Bc2 Re6 22. Bb3 Re7 23. Bg5 a6 24. Bxf6 gxf6 25. d5 c5 26. Ba4 Re4 27. Bc6 Rb8
28. Qc3 Be5 29. Qc2 Qd6 30. Rfe1 Rxe1+ 31. Rxe1 Kg7 32. b3 f4 33. Qe4 Rh8 34.
Kf1 Qb8 35. a4 Bd6 36. Qf3 Be5 37. Qe4 Rh5 38. Bd7 Qd6 39. Bg4 Rh8 40. Bd1 Rb8
41. Qd3 f5 42. Bc2 Bf6 43. Qe2 b5 44. axb5 axb5 45. cxb5 Qxd5 46. Qc4 Qd7 47.
Bd3 Bd4 48. Rd1 Qa7 49. Be2 Rd8 50. b4 cxb4 51. Qxb4 Qb6 52. Qd2 Qd6 53. Bf3
Qe5 54. Qe2 Qc5 55. Bc6 Rd6 56. Qf3 Qc2 57. Qe2 Qc5 58. Qf3 Be5 59. Rxd6 Bxd6
60. Qd5 Qc1+ 61. Ke2 Bc5 62. Qd2 Qxd2+ 63. Kxd2 Bxf2 64. Kd3 g5 65. Ke2 Bb6 66.
Kf3 Bc7 67. Bd7 Kf6 68. Bc8 Ke5 69. Bd7 1/2-1/2

[Event "Mercredi 2016.08.31 ABCD"]
[Site "Montreal CAN"]
[Date "2016.09.07"]
[Round "2"]
[White "Tremblay, Alain"]
[Black "Leveille, Francois"]
[Result "0-1"]
[WhiteElo "2215"]
[BlackElo "2357"]
[PlyCount "71"]
[EventDate "2016.08.31"]
[EventType "tourn"]
[EventRounds "5"]
[EventCountry "CAN"]

1. d4 g6 2. c4 Bg7 3. Nc3 c5 4. d5 Bxc3+ 5. bxc3 f5 6. e3 Qa5 7. Qb3 Nf6 8. f3
d6 9. Ne2 Nbd7 10. Nf4 Nb6 11. h4 Bd7 12. Bd2 O-O-O 13. Bd3 Kb8 14. Rb1 Rc8 15.
Kf2 Rhg8 16. Rh2 Ba4 17. Qb2 Nfd7 18. h5 Ne5 19. hxg6 hxg6 20. Be2 Bd7 21. Rh7
Rce8 22. Ne6 Qa4 23. Qb3 Nexc4 24. Qxa4 Bxa4 25. Be1 Ne5 26. f4 Ng4+ 27. Bxg4
fxg4 28. c4 Nxc4 29. Bc3 Bc2 30. Rbh1 Nb6 31. Ng7 Rc8 32. e4 Bxe4 33. Re1 Nxd5
34. Rxe4 Nxc3 35. Rxe7 Nd5 36. Rd7 0-1

[Event "Mercredi 2016.08.31 ABCD"]
[Site "Montreal CAN"]
[Date "2016.09.14"]
[Round "3"]
[White "Boudreau, Daniel"]
[Black "Brassard, Sylvain"]
[Result "1/2-1/2"]
[WhiteElo "2111"]
[BlackElo "1873"]
[PlyCount "108"]
[EventDate "2016.08.31"]
[EventType "tourn"]
[EventRounds "5"]
[EventCountry "CAN"]

1. e4 Nf6 2. e5 Nd5 3. d4 d6 4. Nf3 dxe5 5. Nxe5 c6 6. Be2 Bf5 7. O-O Nd7 8.
Nf3 e6 9. c4 N5f6 10. Nc3 Bd6 11. Re1 O-O 12. Nh4 Bg6 13. Nxg6 hxg6 14. Bf3 a6
15. g3 Qc7 16. c5 Be7 17. Bf4 Qd8 18. Qb3 Ra7 19. Re2 Nd5 20. Nxd5 cxd5 21. Rc1
Bg5 22. Qe3 Bxf4 23. Qxf4 Nb8 24. b4 Nc6 25. a3 Qf6 26. Qxf6 gxf6 27. Rd2 Raa8
28. Bd1 Rfc8 29. Kf1 Kf8 30. Ba4 Ke7 31. h4 Rh8 32. Ke2 Rh6 33. Ke3 g5 34. hxg5
fxg5 35. Rb1 Kd7 36. Rdb2 Kc7 37. Rb3 f5 38. Bxc6 bxc6 39. a4 Rhh8 40. b5 axb5
41. axb5 cxb5 42. Rxb5 Rhb8 43. Rxb8 Rxb8 44. Rxb8 Kxb8 45. Kd3 g4 46. Kc3 Kc7
47. Kb3 Kd7 48. Kc3 Kc7 49. Kd3 Kc6 50. Ke3 e5 51. dxe5 Kxc5 52. Kd3 d4 53. e6
Kd6 54. Kxd4 Kxe6 1/2-1/2

[Event "Mercredi 2016.08.31 ABCD"]
[Site "Montreal CAN"]
[Date "2016.09.14"]
[Round "3"]
[White "Cisse, Lamine"]
[Black "Fortin-Lavoie, Patrice"]
[Result "0-1"]
[WhiteElo "1800"]
[BlackElo "1796"]
[PlyCount "60"]
[EventDate "2016.08.31"]
[EventType "tourn"]
[EventRounds "5"]
[EventCountry "CAN"]

1. d4 d5 2. e3 Nc6 3. Bd3 e5 4. dxe5 Nxe5 5. Be2 Nf6 6. Nf3 Bd6 7. O-O Qe7 8.
Nbd2 Bd7 9. Nxe5 Qxe5 10. Nf3 Qe7 11. c4 dxc4 12. Bxc4 O-O-O 13. Qb3 Ng4 14. e4
f6 15. Be3 Nxe3 16. Qxe3 Bc5 17. Qe2 Bg4 18. Rac1 Rhe8 19. Bd3 Bb6 20. h3 Bh5
21. g4 Bg6 22. Nd2 Qd6 23. Rc3 Qg3+ 24. Kh1 Qxh3+ 25. Kg1 Qg3+ 26. Kh1 Qf4 27.
f3 h5 28. Nc4 Bd4 29. Ne3 Bxe3 30. Bc4 Rd2 0-1

[Event "Mercredi 2016.08.31 ABCD"]
[Site "Montreal CAN"]
[Date "2016.09.14"]
[Round "3"]
[White "Gates, Claude-Eric"]
[Black "O'Connor, Michael"]
[Result "1-0"]
[WhiteElo "1790"]
[BlackElo "1715"]
[PlyCount "69"]
[EventDate "2016.08.31"]
[EventType "tourn"]
[EventRounds "5"]
[EventCountry "CAN"]

1. e4 c5 2. d4 cxd4 3. c3 dxc3 4. Nxc3 Nc6 5. Nf3 d6 6. Bc4 a6 7. O-O Nf6 8.
Qe2 e6 9. Rd1 b5 10. Bb3 Qc7 11. Bf4 Nh5 12. Be3 Bb7 13. Rac1 Rc8 14. Nd5 Qb8
15. Nb6 Rd8 16. Ng5 Nf6 17. Bxe6 fxe6 18. Nxe6 Be7 19. Qc2 h6 20. Nxg7+ Kf7 21.
Nf5 Ne5 22. f3 Rdg8 23. Kh1 Bc8 24. Nxc8 Rxc8 25. Qb3+ Nc4 26. Bf4 Rc6 27.
Nxh6+ Ke6 28. Nf5 Nh5 29. Nd4+ Kd7 30. Nxc6 Qg8 31. Nxe7 Qh7 32. Bxd6 Nxd6 33.
Rxd6+ Kxd6 34. Qd5+ Kxe7 35. Rc7+ 1-0

[Event "Mercredi 2016.08.31 ABCD"]
[Site "Montreal CAN"]
[Date "2016.09.14"]
[Round "3"]
[White "Joyal, Bruno"]
[Black "Johnson-Constantin, Matthieu"]
[Result "0-1"]
[WhiteElo "1813"]
[BlackElo "1858"]
[PlyCount "52"]
[EventDate "2016.08.31"]
[EventType "tourn"]
[EventRounds "5"]
[EventCountry "CAN"]

1. e4 e6 2. d4 d5 3. Nd2 Nf6 4. e5 Nfd7 5. f4 c5 6. Ngf3 Nc6 7. c3 Qb6 8. Nb3
a5 9. dxc5 Nxc5 10. Be3 a4 11. Nxc5 Bxc5 12. Bxc5 Qxc5 13. Bd3 a3 14. Qc2 Qe3+
15. Be2 Qxf4 16. O-O Qe4 17. Bd3 Qe3+ 18. Kh1 axb2 19. Rae1 Qb6 20. Ng5 Nd8 21.
Qe2 h6 22. Qh5 Rf8 23. Nxf7 Nxf7 24. Bg6 Qc7 25. Rxf7 Rxf7 26. Rf1 Kf8 0-1

[Event "Mercredi 2016.08.31 ABCD"]
[Site "Montreal CAN"]
[Date "2016.09.13"]
[Round "3"]
[White "Keesal, Sheldon"]
[Black "Nunez, Omar"]
[Result "1/2-1/2"]
[WhiteElo "2004"]
[BlackElo "1956"]
[PlyCount "54"]
[EventDate "2016.08.31"]
[EventType "tourn"]
[EventRounds "5"]
[EventCountry "CAN"]

1. e4 g6 2. d4 d5 3. exd5 Qxd5 4. Nc3 Qd8 5. Bf4 Bg7 6. Qd2 Nf6 7. O-O-O O-O 8.
Bh6 c6 9. Bc4 b5 10. Bxg7 Kxg7 11. Bb3 a5 12. a3 b4 13. Na4 bxa3 14. bxa3 Qd6
15. Kb2 Be6 16. c4 Nbd7 17. c5 Qb8 18. Qd3 Bxb3 19. Qxb3 Qf4 20. Qf3 Qb8+ 21.
Ka2 Qb5 22. Qb3 Nd5 23. Nc3 Qxb3+ 24. Kxb3 a4+ 25. Kc2 N7f6 26. Nxd5 Nxd5 27.
Ne2 Rfd8 1/2-1/2

[Event "Mercredi 2016.08.31 ABCD"]
[Site "Montreal CAN"]
[Date "2016.09.14"]
[Round "3"]
[White "Lopez Linares, Lizandro"]
[Black "Tremblay, Alain"]
[Result "1-0"]
[WhiteElo "2240"]
[BlackElo "2215"]
[PlyCount "171"]
[EventDate "2016.08.31"]
[EventType "tourn"]
[EventRounds "5"]
[EventCountry "CAN"]

1. d4 d5 2. c4 c6 3. Nf3 Nf6 4. Nc3 e6 5. Bg5 h6 6. Bxf6 Qxf6 7. e3 Nd7 8. Rc1
Bd6 9. Bd3 dxc4 10. Bxc4 O-O 11. O-O Qe7 12. Bb3 Rd8 13. Ne4 Bc7 14. Qc2 Rb8
15. Rfd1 Nf8 16. Ne5 Bd7 17. f4 Be8 18. Ng3 Kh8 19. Qc4 Nd7 20. Rf1 Qh4 21. a3
Nf8 22. Ba2 Qe7 23. b4 Rd5 24. Qc3 Rdd8 25. Nd3 a5 26. Bb3 Ra8 27. Ra1 Ra7 28.
Rfc1 Rda8 29. Rab1 Bd6 30. Ne4 Bc7 31. Qc5 Ng6 32. Ne5 Bxe5 33. Qxe7 Nxe7 34.
fxe5 axb4 35. axb4 Nf5 36. Kf2 h5 37. Kf3 Kg8 38. g3 Kf8 39. h3 Bd7 40. g4
hxg4+ 41. hxg4 Nh6 42. Kf4 Ke7 43. Bc4 Rf8 44. Ra1 Rfa8 45. Rab1 Rf8 46. Ra1
Rfa8 47. Rxa7 Rxa7 48. Rb1 b5 49. Bb3 Ra3 50. Nc5 Ra8 51. Nb7 Be8 52. Na5 Kd8
53. Rc1 Kc7 54. Bc2 Ng8 55. Be4 Ne7 56. Rh1 Bd7 57. Rh7 Rg8 58. Nb3 Be8 59. Nc5
Bd7 60. g5 Bc8 61. Rh1 Kb8 62. Rh7 Kc7 63. g6 fxg6 64. Kg5 Bd7 65. Bxg6 Nxg6
66. Kxg6 Be8+ 67. Kg5 Bf7 68. Ne4 c5 69. dxc5 Kc6 70. Nd6 Be8 71. e4 Bd7 72.
Rh1 Ra8 73. Rd1 Ra4 74. Rd4 Ra1 75. Kg6 Rg1+ 76. Kf7 g5 77. Ke7 g4 78. Nxb5
Kxb5 79. Rxd7 g3 80. Kxe6 g2 81. Rg7 Kc6 82. Rg6 Kb5 83. Ke7 Kxb4 84. c6 Re1
85. Rxg2 Rxe4 86. c7 1-0

[Event "Mercredi 2016.08.31 ABCD"]
[Site "Montreal CAN"]
[Date "2016.09.14"]
[Round "3"]
[White "Nardone, Raul"]
[Black "Lamoureux, Yvon"]
[Result "1/2-1/2"]
[WhiteElo "1820"]
[BlackElo "1791"]
[PlyCount "79"]
[EventDate "2016.08.31"]
[EventType "tourn"]
[EventRounds "5"]
[EventCountry "CAN"]

1. d4 Nf6 2. c4 g6 3. Nc3 d5 4. cxd5 Nxd5 5. Bd2 Bg7 6. e4 Nxc3 7. Bxc3 O-O 8.
Be2 c5 9. d5 Bxc3+ 10. bxc3 Qc7 11. Nf3 Bg4 12. O-O Nd7 13. Nd2 Bxe2 14. Qxe2
Qa5 15. c4 Qc7 16. f4 f6 17. Rae1 Rae8 18. e5 fxe5 19. fxe5 Rxf1+ 20. Nxf1 Rf8
21. Nd2 Rf5 22. Nf3 h5 23. Qe3 Kg7 24. e6 Nf6 25. Nh4 Rf4 26. g3 Re4 27. Qg5
Rxe1+ 28. Kg2 Re5 29. Qxg6+ Kh8 30. Qh6+ Nh7 31. Ng6+ Kg8 32. Nf4 Nf6 33. Qg6+
Kh8 34. Qf7 Rg5 35. Ng6+ Rxg6 36. Qxg6 Qe5 37. Qh6+ Nh7 38. Qg6 Nf6 39. Qh6+
Nh7 40. Qg6 1/2-1/2

[Event "Mercredi 2016.08.31 ABCD"]
[Site "Montreal CAN"]
[Date "2016.09.14"]
[Round "3"]
[White "Robidoux, Julien"]
[Black "Lessard, Sylvain"]
[Result "0-1"]
[WhiteElo "1771"]
[BlackElo "1757"]
[PlyCount "64"]
[EventDate "2016.08.31"]
[EventType "tourn"]
[EventRounds "5"]
[EventCountry "CAN"]

1. d4 Nf6 2. c4 c5 3. d5 b5 4. Qc2 Qa5+ 5. Bd2 b4 6. e4 d6 7. f4 Nbd7 8. Nf3
Qc7 9. Bd3 g6 10. O-O Bg7 11. h3 O-O 12. Be3 Qb8 13. Nbd2 Ne8 14. Rfe1 a5 15.
e5 e6 16. dxe6 fxe6 17. Ng5 dxe5 18. Nxe6 exf4 19. Nxf8 fxe3 20. Nxd7 Bxd7 21.
Nf1 Qe5 22. Re2 Qg5 23. Kh1 Bd4 24. Rae1 Nf6 25. Nxe3 Nh5 26. Nf1 Rf8 27. Qc1
Qh4 28. Re3 Bc6 29. Kh2 Qf4+ 30. Kh1 Qf2 31. Be4 Bxe4 32. Rxe4 Qg1# 0-1

[Event "Mercredi 2016.08.31 ABCD"]
[Site "Montreal CAN"]
[Date "2016.09.14"]
[Round "3"]
[White "Yu, Zong Yang"]
[Black "Soudre, Nicolas"]
[Result "1-0"]
[WhiteElo "2407"]
[BlackElo "2150"]
[PlyCount "61"]
[EventDate "2016.08.31"]
[EventType "tourn"]
[EventRounds "5"]
[EventCountry "CAN"]

1. d4 e6 2. Nf3 Nf6 3. c4 b6 4. a3 Ba6 5. Qc2 Bb7 6. Nc3 c5 7. e4 cxd4 8. Nxd4
Bc5 9. Nb3 Nc6 10. Bf4 e5 11. Bg5 Nd4 12. Nxd4 Bxd4 13. Nb5 Bc5 14. Bd3 a6 15.
Nc3 Rc8 16. O-O h6 17. Bh4 O-O 18. Rfe1 Be7 19. Qe2 g6 20. Rad1 Kg7 21. b4 Nh5
22. Bxe7 Qxe7 23. Qe3 Qf6 24. Bf1 Rc7 25. Na4 b5 26. cxb5 axb5 27. Bxb5 Nf4 28.
Nc5 Qg5 29. g3 Nh3+ 30. Kg2 Qf5 31. Nxb7 1-0

[Event "Mercredi 2016.08.31 ABCD"]
[Site "Montreal CAN"]
[Date "2016.09.14"]
[Round "3"]
[White "Zumsteg, Nicolas"]
[Black "Nica, Ion"]
[Result "1-0"]
[WhiteElo "1778"]
[BlackElo "1791"]
[PlyCount "105"]
[EventDate "2016.08.31"]
[EventType "tourn"]
[EventRounds "5"]
[EventCountry "CAN"]

1. e4 g6 2. d4 Bg7 3. Nf3 d6 4. Bc4 Nh6 5. O-O b6 6. c3 Bb7 7. Re1 O-O 8. Bf4
Ng4 9. h3 Nf6 10. Nbd2 Nbd7 11. e5 dxe5 12. Nxe5 Nh5 13. Bh2 Nxe5 14. Bxe5 e6
15. Nf3 Bd5 16. Bf1 Bh6 17. c4 Bb7 18. Qb3 a5 19. Rad1 a4 20. Qc3 a3 21. b3 Ra5
22. Nd2 f6 23. Bh2 Qd7 24. Ne4 f5 25. Nd2 f4 26. Nf3 Bxf3 27. Qxf3 Bg7 28. Qe4
Rf6 29. Be2 Qf7 30. Bg4 Raf5 31. Bxf5 gxf5 32. Qf3 Bh6 33. g3 Rg6 34. Kh1 fxg3
35. fxg3 Nf6 36. d5 Ne4 37. dxe6 Rxe6 38. g4 fxg4 39. Qxg4+ Ng5 40. Rxe6 Qxe6
41. Qxe6+ Nxe6 42. Rd7 Bg7 43. Bxc7 Nc5 44. Rd8+ Kf7 45. Bxb6 Ne4 46. Rd7+ Kg6
47. c5 Nc3 48. Rd2 Ne4 49. Rc2 Ng3+ 50. Kg2 Nf5 51. c6 Nd6 52. Bc5 Nc8 53. Bxa3
1-0

[Event "Mercredi 2016.08.31 ABCD"]
[Site "Montreal CAN"]
[Date "2016.09.21"]
[Round "4"]
[White "Boudreau, Daniel"]
[Black "Jacquet, Stephane"]
[Result "1-0"]
[WhiteElo "2111"]
[BlackElo "2050"]
[PlyCount "125"]
[EventDate "2016.08.31"]
[EventType "tourn"]
[EventRounds "5"]
[EventCountry "CAN"]

1. e4 d6 2. d4 Nf6 3. Nc3 g6 4. Bg5 Bg7 5. Qd2 h6 6. Bf4 g5 7. Bg3 Nh5 8. O-O-O
Nc6 9. Qe3 e5 10. dxe5 Nxg3 11. hxg3 Nxe5 12. Be2 Be6 13. f4 Ng4 14. Bxg4 Bxg4
15. Nf3 O-O 16. e5 Re8 17. Rhe1 b5 18. Ne4 Qe7 19. exd6 cxd6 20. Qd2 Bxf3 21.
gxf3 d5 22. Nf2 Qf6 23. Nd3 gxf4 24. Qxf4 d4 25. Qxf6 Bxf6 26. Kd2 Kg7 27. Nf2
Re3 28. Rxe3 dxe3+ 29. Kxe3 Re8+ 30. Ne4 Bxb2 31. Rb1 Be5 32. f4 f5 33. Rxb5
Bxf4+ 34. Kxf4 fxe4 35. Ke3 Rc8 36. Rb7+ Kf6 37. Rxa7 Rxc2 38. Kxe4 Kg5 39. Kf3
Rb2 40. Ra5+ Kf6 41. Kg4 Rc2 42. Ra6+ Kg7 43. a4 Rc4+ 44. Kh5 Rc5+ 45. Kh4 Rc4+
46. g4 Rc1 47. Rb6 Ra1 48. Rb4 Rh1+ 49. Kg3 Ra1 50. Kf4 Kg6 51. Ke5 Kg5 52. Kd6
h5 53. gxh5 Kxh5 54. Kc6 Kg6 55. Kb6 Kg7 56. a5 Ra2 57. a6 Rf2 58. Ra4 Rf6+ 59.
Kc5 Rf5+ 60. Kd6 Rf6+ 61. Ke5 Kg6 62. a7 Rf5+ 63. Ke4 1-0

[Event "Mercredi 2016.08.31 ABCD"]
[Site "Montreal CAN"]
[Date "2016.09.21"]
[Round "4"]
[White "Brassard, Sylvain"]
[Black "Nunez, Omar"]
[Result "0-1"]
[WhiteElo "1873"]
[BlackElo "1956"]
[PlyCount "48"]
[EventDate "2016.08.31"]
[EventType "tourn"]
[EventRounds "5"]
[EventCountry "CAN"]

1. d4 d6 2. e3 g6 3. f4 Bg7 4. Bd3 f5 5. Nf3 Nf6 6. O-O O-O 7. b3 b6 8. Bb2 e6
9. c4 Qe7 10. Nbd2 Bb7 11. Qc2 Nc6 12. a3 Rae8 13. Rae1 e5 14. fxe5 dxe5 15. e4
f4 16. d5 Nd4 17. Nxd4 exd4 18. e5 Ng4 19. Bxd4 Ne3 20. Bxe3 fxe3 21. Rxf8+
Rxf8 22. Rxe3 Qc5 23. Nf1 Rxf1+ 24. Kxf1 Qxe3 0-1

[Event "Mercredi 2016.08.31 ABCD"]
[Site "Montreal CAN"]
[Date "2016.09.21"]
[Round "4"]
[White "Gates, Claude-Eric"]
[Black "Zumsteg, Nicolas"]
[Result "1-0"]
[WhiteElo "1790"]
[BlackElo "1778"]
[PlyCount "47"]
[EventDate "2016.08.31"]
[EventType "tourn"]
[EventRounds "5"]
[EventCountry "CAN"]

1. e4 d5 2. exd5 Qxd5 3. Nc3 Qa5 4. Nf3 Nf6 5. d4 Bg4 6. h3 Bh5 7. Bd2 Nc6 8.
Bb5 O-O-O 9. Bxc6 bxc6 10. O-O Bxf3 11. Qxf3 Rxd4 12. Be3 Rd6 13. b4 Qa6 14. a4
e6 15. Bc5 Rd7 16. b5 Qa5 17. Qxc6 Kb8 18. Bxf8 Rxf8 19. Ne4 Rd4 20. Nc5 Qb6
21. Na6+ Kc8 22. Qa8+ Kd7 23. Qxf8 Ne4 24. Nb8+ 1-0

[Event "Mercredi 2016.08.31 ABCD"]
[Site "Montreal CAN"]
[Date "2016.09.21"]
[Round "4"]
[White "Johnson-Constantin, Matthieu"]
[Black "Cisse, Lamine"]
[Result "1-0"]
[WhiteElo "1858"]
[BlackElo "1800"]
[PlyCount "97"]
[EventDate "2016.08.31"]
[EventType "tourn"]
[EventRounds "5"]
[EventCountry "CAN"]

1. e4 e6 2. d4 d5 3. Nd2 Bd7 4. Bd3 dxe4 5. Nxe4 Bc6 6. Nf3 Nd7 7. c3 Ngf6 8.
Ng3 Bd6 9. O-O h5 10. Re1 Be7 11. b4 b6 12. Ba3 h4 13. Nf5 exf5 14. b5 Be4 15.
Bxe7 Qxe7 16. Ng5 O-O 17. f3 Qd6 18. fxe4 Ng4 19. e5 Qh6 20. Bxf5 Qxg5 21. Qxg4
Qxg4 22. Bxg4 f5 23. Bf3 Rae8 24. Rab1 Re7 25. Rb4 Rd8 26. Ra4 Nf8 27. Rxa7 Ne6
28. Ra8 Rxa8 29. Bxa8 Nf4 30. g3 hxg3 31. hxg3 Nh5 32. Kg2 Kf8 33. Bf3 Nf6 34.
Rf1 Nh7 35. Bh5 Kg8 36. Rxf5 Nf8 37. Bd1 Ne6 38. Bb3 Kh7 39. Bxe6 Rxe6 40. c4
Kg6 41. g4 Re8 42. d5 Ra8 43. Rf2 Ra4 44. Rc2 Kg5 45. e6 Kf6 46. Rf2+ Kg6 47.
e7 Ra8 48. Rf8 Rxa2+ 49. Kf3 1-0

[Event "Mercredi 2016.08.31 ABCD"]
[Site "Montreal CAN"]
[Date "2016.09.21"]
[Round "4"]
[White "Lamoureux, Yvon"]
[Black "Fortin-Lavoie, Patrice"]
[Result "0-1"]
[WhiteElo "1791"]
[BlackElo "1796"]
[PlyCount "89"]
[EventDate "2016.08.31"]
[EventType "tourn"]
[EventRounds "5"]
[EventCountry "CAN"]

1. e4 Nc6 2. d4 e5 3. Nf3 exd4 4. Nxd4 Qh4 5. Qd3 Bc5 6. c3 Ne5 7. Qe2 Ne7 8.
g3 Qf6 9. Bg2 O-O 10. f4 N5c6 11. e5 Qh6 12. Be3 Bxd4 13. cxd4 Nf5 14. d5 Nxe5
15. Bc5 Re8 16. O-O d6 17. Bf2 Bd7 18. fxe5 Rxe5 19. Qd3 Rae8 20. Nc3 Ne3 21.
Bxe3 Rxe3 22. Qd4 a6 23. Qf4 Qg6 24. Qf2 Bg4 25. Rfe1 Qg5 26. Rxe3 Qxe3 27.
Qxe3 Rxe3 28. Kf2 Rd3 29. Rd1 Rxd1 30. Nxd1 Kf8 31. Ke3 Ke7 32. Nc3 Bd7 33. Kf4
f6 34. h4 g6 35. Be4 Kf7 36. Bd3 h6 37. b4 g5+ 38. hxg5 fxg5+ 39. Kf3 Kf6 40.
Bh7 Ke5 41. Bg8 Kd4 42. Be6 Be8 43. Nd1 Kc4 44. a3 b6 45. Ne3+ {...} 0-1

[Event "Mercredi 2016.08.31 ABCD"]
[Site "Montreal CAN"]
[Date "2016.09.21"]
[Round "4"]
[White "Nardone, Raul"]
[Black "Joyal, Bruno"]
[Result "1-0"]
[WhiteElo "1820"]
[BlackElo "1813"]
[PlyCount "131"]
[EventDate "2016.08.31"]
[EventType "tourn"]
[EventRounds "5"]
[EventCountry "CAN"]

1. d4 c5 2. d5 d6 3. c4 b5 4. cxb5 a6 5. bxa6 Bxa6 6. g3 g6 7. Bg2 Bg7 8. Nf3
Nf6 9. O-O O-O 10. Nc3 Nbd7 11. Re1 Ng4 12. Qc2 Qb6 13. a3 Rfb8 14. Rb1 c4 15.
Rf1 Nc5 16. h3 Ne5 17. Bd2 Nb3 18. Nxe5 Bxe5 19. Kh2 Nxd2 20. Qxd2 Bc8 21. e4
Qa5 22. f4 Rxb2 23. Qxb2 Bxc3 24. Qb6 Qxb6 25. Rxb6 Bd4 26. Rc6 Bd7 27. Rxc4
Bc5 28. a4 Rxa4 29. Rxa4 Bxa4 30. Ra1 Bc2 31. Rc1 Bd3 32. Bf3 Kg7 33. Kg2 Kf6
34. e5+ Kf5 35. Re1 h5 36. Rd1 Bc4 37. exd6 exd6 38. Re1 h4 39. g4+ Kf6 40. Be4
g5 41. Kf3 Bb4 42. Rc1 Ba6 43. Ra1 Bc8 44. Ra8 Bd7 45. Ra7 Be8 46. Ra8 Bd7 47.
fxg5+ Kxg5 48. Rd8 Ba4 49. Rg8+ Kf6 50. g5+ Ke5 51. Rb8 Bd1+ 52. Kg2 Kxe4 53.
Rxb4+ Kxd5 54. Rxh4 Bc2 55. Rf4 Bg6 56. Kg3 Ke5 57. Rf6 d5 58. h4 d4 59. Kf2
Ke4 60. Ke2 Bh5+ 61. Kd2 Ke5 62. Rf1 Bg6 63. Rh1 Bh5 64. Rf1 Bg6 65. Rf6 d3 66.
Ke3 1-0

[Event "Mercredi 2016.08.31 ABCD"]
[Site "Montreal CAN"]
[Date "2016.09.21"]
[Round "4"]
[White "Nica, Ion"]
[Black "Robidoux, Julien"]
[Result "1/2-1/2"]
[WhiteElo "1791"]
[BlackElo "1771"]
[PlyCount "53"]
[EventDate "2016.08.31"]
[EventType "tourn"]
[EventRounds "5"]
[EventCountry "CAN"]

1. d4 f5 2. e4 fxe4 3. Nc3 Nf6 4. Bg5 Nc6 5. f3 e3 6. Bb5 e6 7. Ne4 Be7 8. Bxe3
a6 9. Be2 b6 10. Nh3 Bb7 11. c3 O-O 12. Qc2 Qe8 13. O-O-O b5 14. Bd3 Nd5 15.
Bf2 Qh5 16. Ng3 Qh6+ 17. Kb1 b4 18. c4 b3 19. axb3 Ndb4 20. Qd2 Qxd2 21. Rxd2
Nxd3 22. Rxd3 Nb4 23. Rd2 a5 24. d5 exd5 25. Re1 Bf6 26. cxd5 Bxd5 27. Bc5
1/2-1/2

[Event "Mercredi 2016.08.31 ABCD"]
[Site "Montreal CAN"]
[Date "2016.09.21"]
[Round "4"]
[White "O'Connor, Michael"]
[Black "Lessard, Sylvain"]
[Result "0-1"]
[WhiteElo "1715"]
[BlackElo "1757"]
[PlyCount "126"]
[EventDate "2016.08.31"]
[EventType "tourn"]
[EventRounds "5"]
[EventCountry "CAN"]

1. e4 Nf6 2. e5 Nd5 3. d4 d6 4. c4 Nb6 5. exd6 exd6 6. Be3 Be7 7. Nc3 Bf5 8.
Bd3 Bxd3 9. Qxd3 Nc6 10. b3 d5 11. c5 Nc8 12. Nf3 Bf6 13. O-O O-O 14. Rfe1 N8e7
15. Bf4 Ng6 16. Bg3 Qd7 17. Re2 Rfe8 18. Rae1 Rxe2 19. Rxe2 a6 20. h3 Rd8 21.
Nd1 Nce7 22. Ne3 c6 23. Bd6 h6 24. Ng4 Bg5 25. g3 Qf5 26. Qxf5 Nxf5 27. Bc7 Rc8
28. Ba5 Be7 29. Nfe5 Bf8 30. Nxg6 fxg6 31. Ne5 Nxd4 32. Re3 Bxc5 33. b4 Ba7 34.
Nxg6 Kh7 35. Nf4 Nf5 36. Re5 Nxg3 37. Kg2 Ne4 38. Re7 Rf8 39. f3 Rxf4 40. fxe4
dxe4 41. Bc7 Rf2+ 42. Kg3 Bd4 43. Rxe4 Rd2 44. a4 Bf6 45. Bb6 Ra2 46. a5 Kg6
47. Bc5 Kf7 48. Re3 Rd2 49. Rf3 Ke8 50. Re3+ Kd7 51. Re4 Rd5 52. Rg4 g5 53. Bf8
h5 54. Re4 Rd3+ 55. Kg2 h4 56. Rg4 Ke6 57. Re4+ Kd5 58. Re8 Rg3+ 59. Kh2 Be5
60. Be7 Bf4 61. Rd8+ Kc4 62. Re8 Re3+ 63. Kg2 Bd6 0-1

[Event "Mercredi 2016.08.31 ABCD"]
[Site "Montreal CAN"]
[Date "2016.09.21"]
[Round "4"]
[White "Soudre, Nicolas"]
[Black "Tremblay, Alain"]
[Result "1/2-1/2"]
[WhiteElo "2150"]
[BlackElo "2215"]
[PlyCount "126"]
[EventDate "2016.08.31"]
[EventType "tourn"]
[EventRounds "5"]
[EventCountry "CAN"]

1. e4 d6 2. Nf3 Nf6 3. Nc3 g6 4. g3 Bg7 5. Bg2 O-O 6. O-O e5 7. d3 c5 8. h3 Nc6
9. Nh4 Nd4 10. Be3 Be6 11. Qd2 Nh5 12. Nd5 Bxd5 13. exd5 Nf4 14. Bxf4 exf4 15.
c3 fxg3 16. fxg3 Nb5 17. Nf3 Nc7 18. Rae1 h6 19. Kh2 Qd7 20. c4 Rae8 21. h4 b5
22. b3 Rxe1 23. Rxe1 Re8 24. Bh3 f5 25. Re2 Rxe2+ 26. Qxe2 Kf8 27. Nd2 Be5 28.
h5 Kg7 29. hxg6 Kxg6 30. Nf3 Bf6 31. Qe3 bxc4 32. dxc4 Qe7 33. Qd3 Qe4 34. Bf1
Qg4 35. Bh3 Qe4 36. Bf1 Ne8 37. Qxe4 fxe4 38. Ne1 Kf5 39. Nc2 Be5 40. Bh3+ Kg5
41. Bf1 Nf6 42. Kh3 Nh5 43. b4 cxb4 44. Nxb4 Nxg3 45. Bg2 e3 46. Nd3 Bf4 47.
Bf3 Nf5 48. Ne1 Ne7 49. Be4 Nc8 50. Nf3+ Kf6 51. Kg4 Bg5 52. Nxg5 hxg5 53. Kf3
Ke5 54. Kxe3 Nb6 55. Bd3 Na4 56. Bf1 Nc3 57. a3 a5 58. Kd3 Ne4 59. Bg2 Nc5+ 60.
Ke3 Na4 61. Bh3 Nc3 62. Bf1 Ne4 63. Bg2 Nc5 {...} 1/2-1/2

[Event "Mercredi 2016.08.31 ABCD"]
[Site "Montreal CAN"]
[Date "2016.09.21"]
[Round "4"]
[White "Yu, Zong Yang"]
[Black "Leveille, Francois"]
[Result "1-0"]
[WhiteElo "2407"]
[BlackElo "2357"]
[PlyCount "97"]
[EventDate "2016.08.31"]
[EventType "tourn"]
[EventRounds "5"]
[EventCountry "CAN"]

1. d4 Nf6 2. c4 g6 3. Nc3 Bg7 4. Nf3 O-O 5. e4 d6 6. Be2 e5 7. Be3 Na6 8. O-O
Ng4 9. Bg5 Qe8 10. dxe5 dxe5 11. h3 h6 12. Bc1 Nf6 13. Be3 c6 14. Qd6 Nh5 15.
Rfd1 Nf4 16. Bf1 f5 17. exf5 Bxf5 18. Nh4 Rf6 19. Qd2 Kh7 20. Nxf5 gxf5 21.
Bxf4 exf4 22. Qxf4 Nc5 23. Re1 Qf7 24. Rad1 Ne6 25. Qe3 Bf8 26. a3 Bc5 27. Qe5
Rg8 28. Na4 Bf8 29. Rd3 Ng5 30. Qe8 Qg7 31. Qh5 Kh8 32. Red1 Rg6 33. Kh1 Ne4
34. Qf3 Bd6 35. Nc3 Qe5 36. Rxd6 Nxd6 37. g3 Ne4 38. Ne2 R6g7 39. b4 a5 40. h4
axb4 41. axb4 Ra8 42. Bh3 Ra2 43. Kg1 Re7 44. Nf4 Kg7 45. Nd3 Qf6 46. Bxf5 Nc3
47. Nf4 Nxd1 48. Nh5+ Kf7 49. Bg6+ 1-0